Statistics for Five Top Olympic Medal-Winning Countries by Continent

Click here to take the quiz!

General Stats

  • This quiz has been taken 37,516 times
    (19,911 since last reset)
  • The average score is 26 of 30

Answer Stats

Continent Medals Country % Correct
North America2,827United States
99%
Asia608China
99%
Europe1,265Germany / West Germany
98%
Europe882Great Britain
98%
Europe840France
98%
South America128Brazil
98%
North America501Canada
98%
Asia497Japan
97%
Oceania512Australia
97%
North America69Mexico
96%
South America74Argentina
96%
Oceania120New Zealand
96%
Africa86South Africa
94%
Europe701Italy
93%
South America13Chile
91%
South America28Colombia
90%
Asia337South Korea
88%
Africa32Egypt
86%
North America77Jamaica
85%
North America225Cuba
84%
South America15Venezuela
83%
Africa102Kenya
83%
Europe1,339Soviet Union / Unified Team
81%
Oceania1Fiji
80%
Africa25Nigeria
77%
Africa53Ethiopia
73%
Oceania1Samoa
67%
Asia91Turkey
62%
Oceania1Tonga
62%
Asia70Kazakhstan
42%

Score Distribution

Percentile by Number Answered

Percent of People with Each Score

Your Score History

You have not taken this quiz since the last reset